[Event "Bundesliga 2223"]
[Site "Germany"]
[Date "2023.04.30"]
[Round "15.8"]
[White "Donchenko, Alexander"]
[Black "Mainka, Romuald"]
[Result "1-0"]
[WhiteElo "2646"]
[BlackElo "2366"]
[PlyCount "93"]
[EventDate "2022.10.21"]
[EventType "team-tourn"]
[EventRounds "15"]
[EventCountry "GER"]
[SourceTitle "CBM 213 Extra"]
[Source "ChessBase"]
[SourceDate "2023.05.31"]
[SourceVersion "1"]
[SourceVersionDate "2023.05.31"]
[SourceQuality "1"]
[WhiteTeam "Baden-Baden"]
[BlackTeam "Remagen Sinzig"]
[WhiteTeamCountry "GER"]
[BlackTeamCountry "GER"]

1. d4 Nf6 2. c4 e6 3. g3 d5 4. Bg2 Bb4+ 5. Nd2 0-0 6. Ngf3 b6 7. 0-0 Bb7 8. b3 Nbd7 9. Bb2 Rc8 10. Rc1 Re8 11. Qc2 Bf8 12. Qb1 c5 13. cxd5 exd5 14. e3 Rc7 15. Rfd1 Qa8 16. Qf5 c4 17. Ne5 b5 18. bxc4 dxc4 19. e4 Qc8 20. a3 Nb6 21. Qf3 Na4 22. Bc3 Bxa3 23. Ra1 Nxc3 24. Qxc3 b4 25. Qc2 c3 26. Nb3 Qa8 27. f3 Qd8 28. Nc5 Rxc5 29. dxc5 Qc8 30. Nd3 Ba6 31. Rxa3 bxa3 32. Qxc3 Rd8 33. Bf1 Bxd3 34. Bxd3 a2 35. Ra1 Qd7 36. Bc2 Qb5 37. Rxa2 h5 38. Qa5 Qd7 39. Qc3 Qb5 40. Rb2 Qa6 41. c6 Qa1+ 42. Kg2 Ne8 43. Bb3 Nc7 44. Bd5 Re8 45. Qd2 Qa3 46. Ra2 Qc5 47. Bxf7+ 1-0

[Event "BL2-West 2122"]
[Site "Germany"]
[Date "2022.07.03"]
[Round "10.7"]
[White "Mainka, Romuald"]
[Black "Fish, Jonathan M"]
[Result "1-0"]
[WhiteElo "2376"]
[BlackElo "2113"]
[PlyCount "73"]
[EventDate "2022.03.05"]
[EventType "team-tourn"]
[EventRounds "10"]
[EventCountry "GER"]
[SourceTitle "EXT 2023"]
[Source "ChessBase"]
[SourceDate "2022.10.05"]
[SourceVersion "1"]
[SourceVersionDate "2022.10.05"]
[SourceQuality "1"]
[WhiteTeam "Remagen Sinzig"]
[BlackTeam "Hofheim"]
[WhiteTeamCountry "GER"]
[BlackTeamCountry "GER"]

1. e4 c5 2. Nf3 Nc6 3. Bb5 e6 4. 0-0 Nge7 5. d4 cxd4 6. Nxd4 Qb6 7. Nxc6 bxc6 8. Bd3 Ng6 9. Kh1 e5 10. Nd2 Be7 11. Nc4 Qb7 12. Bd2 d5 13. Na5 Qb6 14. exd5 cxd5 15. c4 Nf4 16. Bc2 0-0 17. cxd5 Ba6 18. Nc6 Bd6 19. Bxf4 Bxf1 20. Be3 Qxb2 21. Rb1 Qc3 22. Rc1 Qc4 23. Bxh7+ Kxh7 24. Rxc4 Bxc4 25. Qc2+ f5 26. Qxc4 Rf7 27. g3 f4 28. Bc5 Bxc5 29. Qxc5 Re8 30. Qc2+ g6 31. gxf4 exf4 32. Kg2 f3+ 33. Kh3 Re2 34. Qc5 Re1 35. Nd4 Re5 36. Ne6 Rd7 37. Nf8+ 1-0

[Event "BL2-West 2122"]
[Site "Germany"]
[Date "2022.06.19"]
[Round "8.6"]
[White "Suvorov, Luca"]
[Black "Mainka, Romuald"]
[Result "1-0"]
[WhiteElo "2301"]
[BlackElo "2376"]
[PlyCount "75"]
[EventDate "2022.03.05"]
[EventType "team-tourn"]
[EventRounds "10"]
[EventCountry "GER"]
[SourceTitle "EXT 2023"]
[Source "ChessBase"]
[SourceDate "2022.10.05"]
[SourceVersion "1"]
[SourceVersionDate "2022.10.05"]
[SourceQuality "1"]
[WhiteTeam "Koeln Porz"]
[BlackTeam "Remagen Sinzig"]
[WhiteTeamCountry "GER"]
[BlackTeamCountry "GER"]

1. d4 Nf6 2. c4 e6 3. Nc3 Bb4 4. e3 0-0 5. Nge2 c6 6. a3 Ba5 7. Qc2 d5 8. Ng3 Bc7 9. Be2 dxc4 10. Bxc4 e5 11. dxe5 Bxe5 12. 0-0 Re8 13. Nce2 Nbd7 14. Bd2 a5 15. Rad1 b5 16. Ba2 Qb6 17. e4 c5 18. Kh1 Bb7 19. Be3 Rac8 20. f4 Bb8 21. e5 Qc6 22. Nc3 Ng4 23. Bg1 c4 24. Bb1 g6 25. Qe2 f5 26. Nxf5 gxf5 27. Bxf5 Ngf6 28. Rf3 Nxe5 29. fxe5 Rxe5 30. Bxc8 Rxe2 31. Bxb7 Qxb7 32. Nxe2 Be5 33. Rdf1 Kg7 34. Bd4 Bxd4 35. Nxd4 Ne4 36. Ne6+ Kg6 37. Rf8 b4 38. Rg8+ 1-0

[Event "BL2-West 1920"]
[Site "Germany"]
[Date "2021.08.08"]
[Round "9.5"]
[White "Mainka, Romuald"]
[Black "Zavgorodniy, Sergiy"]
[Result "0-1"]
[WhiteElo "2390"]
[BlackElo "2418"]
[PlyCount "104"]
[EventDate "2019.09.19"]
[EventType "team-tourn"]
[EventRounds "9"]
[EventCountry "GER"]
[SourceTitle "EXT 2023"]
[Source "ChessBase"]
[SourceDate "2022.10.05"]
[SourceVersion "1"]
[SourceVersionDate "2022.10.05"]
[SourceQuality "1"]
[WhiteTeam "Remagen Sinzig"]
[BlackTeam "Siegburg"]
[WhiteTeamCountry "GER"]
[BlackTeamCountry "GER"]

1. e4 e5 2. Nf3 d6 3. d4 exd4 4. Nxd4 Nf6 5. Nc3 Be7 6. g3 Bg4 7. Be2 Bd7 8. g4 0-0 9. Rg1 d5 10. e5 Ne4 11. Nxd5 Nc6 12. Nf3 Be6 13. Nxe7+ Qxe7 14. c3 f5 15. gxf5 Bxf5 16. Be3 Rad8 17. Qa4 Kh8 18. Qb5 a6 19. Qc4 Rd7 20. a3 Nxe5 21. Nxe5 Qxe5 22. f3 b5 23. Qc6 Nf6 24. Qc5 Qe8 25. Rd1 Rff7 26. Rxd7 Nxd7 27. Qd4 c5 28. Qd2 Ne5 29. Kf2 Rd7 30. Qc1 Qh5 31. Bf4 Ng6 32. Rg5 Qh3 33. Bf1 Qh4+ 34. Bg3 Qh6 35. f4 Ne7 36. Qe3 Qf6 37. Qxc5 h6 38. Rh5 Qg6 39. Rh4 Kh7 40. Be2 Nd5 41. Rh5 Qe6 42. Bf3 g6 43. Rh4 Nf6 44. Kg1 Rd3 45. Qc7+ Nd7 46. Qc8 Qe7 47. Qa8 Nf6 48. Bf2 h5 49. Qb7 Rd1+ 50. Kg2 Rd7 51. Qb8 Rd2 52. Qb6 Ne4 0-1

[Event "BL2-West 1617"]
[Site "Germany"]
[Date "2017.05.08"]
[Round "9.2"]
[White "Stark, Lars"]
[Black "Mainka, Romuald"]
[Result "1-0"]
[WhiteElo "2401"]
[BlackElo "2408"]
[PlyCount "60"]
[EventDate "2016.10.16"]
[EventType "team-tourn"]
[EventRounds "9"]
[EventCountry "GER"]
[SourceTitle "EXT 2018"]
[Source "ChessBase"]
[SourceDate "2017.10.13"]
[SourceVersion "1"]
[SourceVersionDate "2017.10.13"]
[SourceQuality "1"]
[WhiteTeam "Duesseldorf"]
[BlackTeam "Dortmund Hansa"]
[WhiteTeamCountry "GER"]
[BlackTeamCountry "GER"]

1. c4 e5 2. g3 Nf6 3. Bg2 Bc5 4. Nc3 a6 5. e3 Ba7 6. Nge2 d6 7. d4 Nc6 8. 0-0 h6 9. b3 0-0 10. h3 Re8 11. Kh2 exd4 12. Nxd4 Nxd4 13. exd4 Rb8 14. Qd3 Bd7 15. a4 Nh7 16. Be3 Qc8 17. Rfe1 Bf5 18. Qd2 Nf6 19. Bf4 Qd7 20. a5 Rbd8 21. b4 Rxe1 22. Rxe1 Re8 23. Rxe8+ Nxe8 24. g4 Bg6 25. b5 axb5 26. cxb5 d5 27. Nxd5 Qxb5 28. Nxc7 Nxc7 29. Bxc7 f6 30. Bd6 Qe8 1-0

[Event "BL2-West 1617"]
[Site "Germany"]
[Date "2017.02.05"]
[Round "5.4"]
[White "Mainka, Romuald"]
[Black "Hausrath, Daniel"]
[Result "1/2-1/2"]
[WhiteElo "2408"]
[BlackElo "2483"]
[PlyCount "41"]
[EventDate "2016.10.16"]
[EventType "team-tourn"]
[EventRounds "9"]
[EventCountry "GER"]
[SourceTitle "EXT 2018"]
[Source "ChessBase"]
[SourceDate "2017.10.13"]
[SourceVersion "1"]
[SourceVersionDate "2017.10.13"]
[SourceQuality "1"]
[WhiteTeam "Dortmund Hansa"]
[BlackTeam "Muelheim II"]
[WhiteTeamCountry "GER"]
[BlackTeamCountry "GER"]

1. e4 c5 2. Nf3 Nc6 3. Bb5 Qc7 4. 0-0 a6 5. Bxc6 dxc6 6. d3 e5 7. Be3 Bd6 8. Nfd2 Ne7 9. Nc4 Ng6 10. Nxd6+ Qxd6 11. Nd2 Be6 12. a4 a5 13. Nc4 Bxc4 14. dxc4 Qe7 15. Qd3 Nf8 16. Qe2 Ne6 17. c3 0-0 18. Rfd1 Rad8 19. g3 f6 20. Bc1 Rfe8 21. Kg2 1/2-1/2

[Event "BL2-West 1617"]
[Site "Germany"]
[Date "2016.11.20"]
[Round "2.1"]
[White "Mainka, Romuald"]
[Black "Van Wely, Loek"]
[Result "0-1"]
[WhiteElo "2408"]
[BlackElo "2676"]
[PlyCount "102"]
[EventDate "2016.10.16"]
[EventType "team-tourn"]
[EventRounds "9"]
[EventCountry "GER"]
[SourceTitle "EXT 2018"]
[Source "ChessBase"]
[SourceDate "2017.10.13"]
[SourceVersion "1"]
[SourceVersionDate "2017.10.13"]
[SourceQuality "1"]
[WhiteTeam "Dortmund Hansa"]
[BlackTeam "Koeln Porz"]
[WhiteTeamCountry "GER"]
[BlackTeamCountry "GER"]

1. e4 c5 2. Nf3 Nc6 3. Bb5 g6 4. 0-0 Bg7 5. Bxc6 bxc6 6. Re1 Nh6 7. c3 0-0 8. d4 cxd4 9. cxd4 f6 10. h3 Nf7 11. Nc3 d6 12. Be3 Bb7 13. d5 c5 14. Ne2 Qe8 15. Nf4 Nd8 16. Bd2 a5 17. a4 Qf7 18. Qb3 Bc8 19. Rad1 h6 20. Qc2 g5 21. Ne2 f5 22. e5 dxe5 23. Bc3 e4 24. Ne5 Bxe5 25. Bxe5 Nb7 26. Nc3 Bd7 27. Nb5 Bxb5 28. axb5 Rfd8 29. Bc7 Rxd5 30. Rxd5 Qxd5 31. Rd1 Qe6 32. b6 Kf7 33. Qe2 a4 34. Qh5+ Kg7 35. Qe2 Kg6 36. Qb5 Kf7 37. Qe2 Kg6 38. Qb5 Kf7 39. Qe2 a3 40. bxa3 Rxa3 41. Qh5+ Kg7 42. Rb1 Ra2 43. Re1 Rd2 44. Qe8 f4 45. Qa4 c4 46. Qa8 Kf7 47. Qh8 e3 48. Qh7+ Ke8 49. f3 Kd7 50. Qb1 Qd5 51. Kf1 c3 0-1

[Event "Bad Woerishofen op 31st"]
[Site "Bad Woerishofen"]
[Date "2015.03.06"]
[Round "8"]
[White "Mainka, Romuald"]
[Black "Chkhaidze, Nikoloz"]
[Result "1-0"]
[WhiteElo "2423"]
[BlackElo "2212"]
[PlyCount "93"]
[EventDate "2015.02.27"]
[EventType "swiss"]
[EventRounds "9"]
[EventCountry "GER"]
[SourceTitle "CBM 165 Extra"]
[Source "ChessBase"]
[SourceDate "2015.04.21"]
[SourceVersion "1"]
[SourceVersionDate "2015.04.21"]
[SourceQuality "1"]

1. e4 e5 2. Bc4 Nc6 3. Nf3 Bc5 4. d3 Nf6 5. 0-0 d6 6. c3 a6 7. Bb3 Ba7 8. Nbd2 0-0 9. h3 h6 10. Re1 Re8 11. Nf1 Be6 12. Ng3 d5 13. exd5 Bxd5 14. Bc2 b5 15. Be3 Qb8 16. Nh4 Be6 17. Qf3 Bd5 18. Ne4 Bxe4 19. dxe4 Bxe3 20. Rxe3 Qb6 21. Qg3 Ne7 22. Rd1 c5 23. Rf3 Qe6 24. Rfd3 Qxa2 25. Rd6 Kh7 26. Qxe5 Ng6 27. Qxc5 Qxb2 28. R6d2 Rac8 29. Qa7 Re7 30. Qxa6 Qxc3 31. Nxg6 fxg6 32. Bb1 Rc5 33. Rd3 Qe5 34. Re3 b4 35. g3 Rc3 36. Qe2 b3 37. Rxc3 Qxc3 38. Kg2 Qc6 39. Qf3 Nxe4 40. Re1 b2 41. Rxe4 Rxe4 42. Qxe4 Qf6 43. h4 h5 44. Qd5 Kh8 45. Qg5 Qc6+ 46. Kh2 Qb6 47. Kg1 1-0

[Event "Bad Woerishofen op 31st"]
[Site "Bad Woerishofen"]
[Date "2015.03.05"]
[Round "7"]
[White "Grawe, Christian"]
[Black "Mainka, Romuald"]
[Result "1-0"]
[WhiteElo "2192"]
[BlackElo "2423"]
[PlyCount "87"]
[EventDate "2015.02.27"]
[EventType "swiss"]
[EventRounds "9"]
[EventCountry "GER"]
[SourceTitle "CBM 165 Extra"]
[Source "ChessBase"]
[SourceDate "2015.04.21"]
[SourceVersion "1"]
[SourceVersionDate "2015.04.21"]
[SourceQuality "1"]

1. e4 e5 2. Nf3 Nc6 3. Bb5 a6 4. Ba4 Nf6 5. 0-0 Be7 6. Re1 b5 7. Bb3 d6 8. c3 0-0 9. h3 a5 10. a4 b4 11. d4 Ba6 12. Nbd2 bxc3 13. bxc3 exd4 14. cxd4 Nb4 15. Ba3 d5 16. Ne5 Bb7 17. exd5 Bxd5 18. Rc1 Ra6 19. Re3 Bxb3 20. Nxb3 Nfd5 21. Rg3 Bh4 22. Rf3 Bg5 23. Rc4 f6 24. Nc5 Rb6 25. Ned7 Re8 26. Nxb6 Nxb6 27. Rcc3 N6d5 28. Rb3 Re7 29. Rb1 Kh8 30. g3 Qe8 31. Kg2 h5 32. h4 Bh6 33. Bxb4 axb4 34. Qd3 Qa8 35. Qg6 Re2 36. Qxh5 Ne3+ 37. Kg1 Nd5 38. Rxf6 Nc3 39. Rxh6+ gxh6 40. Qxh6+ Kg8 41. Qg5+ Kf7 42. Qf5+ Kg7 43. Ra1 Qe8 44. a5 1-0

[Event "BL2-West 1314"]
[Site "Germany"]
[Date "2014.01.19"]
[Round "5.5"]
[White "Mainka, Romuald"]
[Black "Sonntag, Hans Hubert"]
[Result "1/2-1/2"]
[WhiteElo "2425"]
[BlackElo "2377"]
[PlyCount "66"]
[EventDate "2013.10.13"]
[EventType "team-tourn"]
[EventRounds "9"]
[EventCountry "GER"]
[SourceTitle "EXT 2015"]
[Source "ChessBase"]
[SourceDate "2014.11.20"]
[SourceVersion "1"]
[SourceVersionDate "2014.11.20"]
[SourceQuality "1"]
[WhiteTeam "Dortmund Hansa"]
[BlackTeam "Aachen SV"]
[WhiteTeamCountry "GER"]
[BlackTeamCountry "GER"]

1. e4 e5 2. Nf3 Nc6 3. Bb5 a6 4. Ba4 Nf6 5. 0-0 Be7 6. d3 b5 7. Bb3 d6 8. c3 0-0 9. Re1 Na5 10. Bc2 c5 11. Nbd2 Re8 12. Nf1 h6 13. h3 Bf8 14. N3h2 d5 15. exd5 Qxd5 16. Ne3 Qd6 17. a3 Be6 18. Neg4 Nxg4 19. Nxg4 Bd5 20. b4 Nc6 21. Be3 cxb4 22. axb4 f5 23. Bc5 Qd7 24. Ne3 Be6 25. Bxf8 Rxf8 26. Nf1 Bd5 27. Nd2 Qd6 28. Bb3 a5 29. c4 Bf7 30. cxb5 Nxb4 31. Bxf7+ Rxf7 32. Nc4 Qxd3 33. Qxd3 Nxd3 1/2-1/2

[Event "BL2-West 1314"]
[Site "Germany"]
[Date "2013.11.10"]
[Round "2.6"]
[White "Kayser, Felix"]
[Black "Mainka, Romuald"]
[Result "0-1"]
[WhiteElo "2181"]
[BlackElo "2425"]
[PlyCount "70"]
[EventDate "2013.10.13"]
[EventType "team-tourn"]
[EventRounds "9"]
[EventCountry "GER"]
[SourceTitle "EXT 2015"]
[Source "ChessBase"]
[SourceDate "2014.11.20"]
[SourceVersion "1"]
[SourceVersionDate "2014.11.20"]
[SourceQuality "1"]
[WhiteTeam "Wiesbaden"]
[BlackTeam "Dortmund Hansa"]
[WhiteTeamCountry "GER"]
[BlackTeamCountry "GER"]

1. e4 c5 2. Nc3 e6 3. f4 a6 4. g3 d5 5. exd5 exd5 6. Bg2 Nf6 7. Nf3 Nc6 8. d3 Be7 9. 0-0 0-0 10. Ne5 Be6 11. Nxc6 bxc6 12. f5 Bd7 13. Bd2 Ne8 14. Qh5 g6 15. fxg6 hxg6 16. Qh6 Ng7 17. Nxd5 cxd5 18. Bxd5 Be6 19. Bc3 f6 20. Be4 Bf5 21. Bxa8 Qxa8 22. Rae1 Qa7 23. Rf2 c4 24. d4 Qd7 25. a3 Rf7 26. Qd2 Ne6 27. Qe2 Ng5 28. Rxf5 Qxf5 29. Rf1 Qe4 30. Qxe4 Nxe4 31. Bb4 f5 32. Re1 Kg7 33. Kg2 Bxb4 34. axb4 Rb7 35. c3 a5 0-1

[Event "Bad Woerishofen op 29th"]
[Site "Bad Woerishofen"]
[Date "2013.03.09"]
[Round "9"]
[White "Mainka, Romuald"]
[Black "Starostits, Ilmars"]
[Result "1/2-1/2"]
[WhiteElo "2430"]
[BlackElo "2470"]
[PlyCount "28"]
[EventDate "2013.03.01"]
[EventType "swiss"]
[EventRounds "9"]
[EventCountry "GER"]
[SourceTitle "CBM 153 Extra"]
[Source "ChessBase"]
[SourceDate "2013.04.22"]
[SourceVersion "1"]
[SourceVersionDate "2013.04.22"]
[SourceQuality "1"]

1. e4 c6 2. d4 d5 3. Nd2 dxe4 4. Nxe4 Bf5 5. Ng3 Bg6 6. h4 h6 7. Nf3 Nd7 8. h5 Bh7 9. Bd3 Bxd3 10. Qxd3 Ngf6 11. Bd2 Qc7 12. 0-0-0 0-0-0 13. Ne4 e6 14. g3 Nc5 1/2-1/2

[Event "Bad Woerishofen op 29th"]
[Site "Bad Woerishofen"]
[Date "2013.03.07"]
[Round "7"]
[White "Mainka, Romuald"]
[Black "Pap, Misa"]
[Result "1-0"]
[WhiteElo "2430"]
[BlackElo "2511"]
[PlyCount "69"]
[EventDate "2013.03.01"]
[EventType "swiss"]
[EventRounds "9"]
[EventCountry "GER"]
[SourceTitle "CBM 153 Extra"]
[Source "ChessBase"]
[SourceDate "2013.04.22"]
[SourceVersion "1"]
[SourceVersionDate "2013.04.22"]
[SourceQuality "1"]

1. e4 c5 2. Nf3 g6 3. d4 cxd4 4. Nxd4 Bg7 5. Nc3 Nc6 6. Be3 Nf6 7. Be2 0-0 8. f4 d6 9. Nb3 a5 10. a4 Nb4 11. 0-0 Bd7 12. Bf3 Qc8 13. Kh1 Be6 14. Nd4 Bc4 15. Rf2 Nd7 16. Bg4 Qd8 17. Rd2 Nb6 18. b3 Ba6 19. Rb1 h5 20. Bh3 Qc7 21. Ncb5 Bxb5 22. Nxb5 Qc6 23. f5 Na6 24. fxg6 fxg6 25. Nxd6 exd6 26. Rxd6 Rf1+ 27. Qxf1 Qxd6 28. Qb5 Qc7 29. Bxb6 Qxc2 30. Qd5+ Kh7 31. Rf1 Rc8 32. Bxc8 Qxc8 33. Qf7 Qc3 34. h3 Qb4 35. Bd8 1-0

[Event "BL2-West 1213"]
[Site "Germany"]
[Date "2013.01.13"]
[Round "5.4"]
[White "Mainka, Romuald"]
[Black "Stewart, Neil"]
[Result "1/2-1/2"]
[WhiteElo "2441"]
[BlackElo "2264"]
[PlyCount "84"]
[EventDate "2012.10.14"]
[EventType "team-tourn"]
[EventRounds "9"]
[EventCountry "GER"]
[SourceTitle "CBM 154 Extra"]
[Source "ChessBase"]
[SourceDate "2013.06.25"]
[SourceVersion "2"]
[SourceVersionDate "2013.06.25"]
[SourceQuality "1"]
[WhiteTeam "Dortmund Hansa"]
[BlackTeam "Koblenz"]
[WhiteTeamCountry "GER"]
[BlackTeamCountry "GER"]

1. e4 c6 2. d4 d5 3. e5 Bf5 4. Nd2 e6 5. Nb3 Nd7 6. Nf3 Ne7 7. Be2 Nc8 8. 0-0 Be7 9. Bd2 0-0 10. a4 a6 11. Na5 Qc7 12. c4 f6 13. exf6 Bxf6 14. Rc1 Ne7 15. b4 h6 16. cxd5 exd5 17. Be3 Rae8 18. Ne1 Be4 19. Bh5 Bg6 20. Bxg6 Nxg6 21. Qd2 Bd8 22. Nb3 Nb6 23. Qc2 Qf7 24. Nd2 Bc7 25. Nd3 Nf4 26. Bxf4 Bxf4 27. g3 Bxd2 28. Qxd2 Nc4 29. Qd1 Re7 30. Re1 Rfe8 31. Rxe7 Qxe7 32. Qh5 Qe2 33. Qxe2 Rxe2 34. Re1 Rd2 35. Nc5 Rxd4 36. Re7 Nd6 37. Nxb7 Nxb7 38. Rxb7 a5 39. b5 cxb5 40. Rxb5 Rxa4 41. Rxd5 Ra2 42. Rd7 Kf8 1/2-1/2

[Event "Bayern-chI Bank Hofmann 16th"]
[Site "Bad Wiessee"]
[Date "2012.11.02"]
[Round "7"]
[White "Mainka, Romuald"]
[Black "Kaiser, Elmar"]
[Result "1-0"]
[WhiteElo "2441"]
[BlackElo "2141"]
[PlyCount "107"]
[EventDate "2012.10.27"]
[EventType "swiss"]
[EventRounds "9"]
[EventCountry "GER"]
[SourceTitle "EXT 2013"]
[Source "ChessBase"]
[SourceDate "2012.11.22"]
[SourceVersion "1"]
[SourceVersionDate "2012.11.22"]
[SourceQuality "1"]

1. e4 e6 2. d4 d5 3. Nd2 c5 4. Ngf3 Nc6 5. exd5 exd5 6. Bb5 Bd6 7. dxc5 Bxc5 8. 0-0 Nge7 9. Nb3 Bd6 10. Re1 0-0 11. Bg5 Qc7 12. h3 a6 13. Bf1 Bd7 14. c3 Rfe8 15. Nbd4 h6 16. Bxe7 Bxe7 17. Qd2 Na5 18. Rad1 Bf6 19. Rxe8+ Rxe8 20. Nc2 Ba4 21. Qc1 Rd8 22. g3 Bxc2 23. Qxc2 d4 24. c4 Nc6 25. Bg2 d3 26. Rxd3 Rxd3 27. Qxd3 Bxb2 28. Nd2 Qd8 29. Bd5 Bd4 30. Qf5 Qf6 31. Qc8+ Kh7 32. Ne4 Qe7 33. Kg2 Nd8 34. h4 b6 35. h5 a5 36. Nd2 Ne6 37. Be4+ g6 38. hxg6+ fxg6 39. Bd5 Nf8 40. Ne4 Bg7 41. Qb8 Bd4 42. Nd2 a4 43. Ne4 Qg7 44. Qe8 Nd7 45. Bg8+ Qxg8 46. Qxd7+ Qg7 47. Qxa4 Qe7 48. Qc6 h5 49. Qd5 Be5 50. f4 Bb2 51. a4 Kg7 52. Kh3 Kh8 53. Qc6 Bd4 54. Qxg6 1-0